header

Foreign aid allocation, governance, and economic growth (Record no. 43424)

MARC details
000 -LEADER
fixed length control field 01478nam a2200361 a 4500
082 04 - DEWEY DECIMAL CLASSIFICATION NUMBER
Classification number 338.9109172/4
100 1# - MAIN ENTRY--AUTHOR NAME
Personal name Akramov, Kamil.
245 10 - TITLE STATEMENT
Title Foreign aid allocation, governance, and economic growth
250 ## - EDITION STATEMENT
Edition statement 1st ed.
260 ## - PUBLICATION, DISTRIBUTION, ETC. (IMPRINT)
Place of publication Philadelphia :
Name of publisher University of Pennsylvania Press,
Year of publication c2012.
300 ## - PHYSICAL DESCRIPTION
Number of Pages xv, 164 p. :
Other physical details ill.
650 #0 - SUBJECT ADDED ENTRY--TOPICAL TERM
Topical Term Economic assistance
Topical Term Economic development
Topical Term Economic indicators
856 40 - ELECTRONIC LOCATION AND ACCESS
Uniform Resource Identifier http://site.ebrary.com/lib/rucke/Doc?id=10642169

No items available.

© 2026 Rongo University
Contact us: librarian | system librarian | Rongo university